000 00801nam a2200217 4500
001 143042
003 ES-MaACL
005 20230906200713.0
007 t|
008 070214s1950 sp r ||||1| spa d
245 0 0 _aSelección y enseñanza de conductores /
_cManuel Arias Paz... [et al.].
250 _a2ª ed.
260 _aMadrid :
_bDossat,
_c1950 (
_fSucesores de Rivadeneyra)
300 _a499 p., 1 lám. col. ;
_c19 cm +
_e1 gráf. pleg.
490 1 _aPrecede al tít.: Lo publica__ Escuela de Automovilismo del Ejército
700 1 _aArias Paz, Manuel.
_9198742
710 2 _aEscuela de Automovilismo del Ejército.
_93530
830 0 _aPrecede al tít.: Lo publica__ Escuela de Automovilismo del Ejército
_9220528
852 _aES-MaACL
_jD-9171
_bR.33045
999 _c143042
_d143042